LEADER 01169nam a2200277 i 4500 001 000000038433 003 CaOOAMICUS 005 20240408123846.0 008 071108s1982 it u000 u ita u 013 $a9018 020 $a88-06-05483-X 040 $aSeMil$bita 100 1 $aFruttero, Carlo,$d<1926-2012>.$0(OLS)http://semarc/name/18447 245 13$aLa cosa in sé :$brappresentazione in due atti e una licenza /$cCarlo Fruttero e Franco Lucentini. 260 $aTorino :$bGiulio Einaudi,$ccopyr. 1982. 300 $a96 p. ;$c19 cm. 490 0 $aCollezione di teatro ;$v261 700 1 $aLucentini, Franco,$d<1920-2002>.$0(OLS)http://semarc/name/18448 830 0$aCollezione di teatro ;$v261.$0(OLS)http://semarc/title/6906 850 $aSeMil 852 $aSeMil$W1$xVenegono$y1$m1O I 46$j4588$B4588$CSeMilBibl$Z2$F4588 $81 961 $aOmaggio: Deposito 996 $6020$a88-06-05483-X$9(OLS)http://semarc/number/7701 996 $6245$aLa cosa in sé :$brappresentazione in due atti e una licenza$9(OLS)http://semarc/title/54241 996 $6260$aTorino :$bGiulio Einaudi$9(OLS)http://semarc/publisher/29810 LEADER 00910nam a2200217 i 4500 001 000000104402 003 CaOOAMICUS 005 20191008162449.0 008 011120s1971 vc u000 u lat u 013 $a76590 040 $aSeMil$bita 240 00$aBibbia. Nuovo Testamento. Apocalisse.$0(OLS)http://semarc/title/46959 245 10$aActus apostolorum. Et Apocalypsis Ioannis. 300 $a127 p. 650 4$aBibbia - NT - Apocalisse - Traduzioni latine.$0(OLS)http://semarc/subject/18215 700 1 $aPontificia Commissione per la Neo-Vulgata.$0(OLS)http://semarc/name/470 773 0 $tNovum Testamentum.$d[In Urbe Vaticani] : Typis Polyglottis Vaticanis, 1970-1971.$g[3$w()622 850 $aSeMil 852 $aSeMil$W1$xVenegono$y1$mSL1.R IV 53$j60791$B60791$CSeMilBibl$Z2$F45213 $8I 996 $6245$aActus apostolorum. Et Apocalypsis Ioannis$9(OLS)http://semarc/title/151371